| 000 | 00528nam a2200169 i 4500 | ||
|---|---|---|---|
| 001 | 23107 | ||
| 003 | ES-MaACL | ||
| 007 | t| | ||
| 008 | 021209s1982 sp ||||1| spa d | ||
| 020 | _a84-7435-015-8 | ||
| 100 | 1 |
_aAlvarez, Constantino. _920623 |
|
| 245 | 1 | 3 |
_aEl Estado integral de las autonomías _b: según la Constitución de la II República / _cConstantino Alvarez. |
| 260 |
_aMadrid : _bDosbe, _c[1982] |
||
| 300 |
_a174 p. ; _c21 cm. |
||
| 504 | _aBibliografía: p. 173-174. | ||
| 852 |
_aES-MaACL _jL-9677 _bR.111922 |
||
| 999 |
_c23107 _d23107 |
||